[Event "Rapid 2018"]
[Site "Saint-Petersburg"]
[Date "2018.12.28"]
[Round "15"]
[Board "58"]
[White "Al-Sayed Mohammed (QAT)"]
[Black "Gasanov Eldar (UKR)"]
[Result "0-1"]
[LiveChessVersion "1.4.8"]
[BlackElo "2547"]
[WhiteElo "2419"]

1. d4 {[%clk 0:15:10]} d6 {[%clk 0:15:15]} 2. e4 {[%clk 0:15:17]} g6
{[%clk 0:15:11]} 3. Nf3 {[%clk 0:15:17]} Nf6 {[%clk 0:15:14]} 4. Nc3
{[%clk 0:15:22]} Bg7 {[%clk 0:15:20]} 5. Be3 {[%clk 0:14:59]} a6 {[%clk 0:15:19]}
6. a4 {[%clk 0:15:06]} O-O {[%clk 0:15:05]} 7. Be2 {[%clk 0:14:33]} e6
{[%clk 0:14:47]} 8. Qd2 {[%clk 0:14:24]} b6 {[%clk 0:14:50]} 9. Bg5
{[%clk 0:13:52]} Bb7 {[%clk 0:14:35]} 10. Qf4 {[%clk 0:13:57]} Nbd7
{[%clk 0:10:36]} 11. O-O-O {[%clk 0:09:15]} Qb8 {[%clk 0:06:59]} 12. Qh4
{[%clk 0:08:47]} c5 {[%clk 0:04:41]} 13. Bh6 {[%clk 0:04:21]} cxd4 14. Rxd4
{[%clk 0:04:11]} b5 {[%clk 0:01:53]} 15. Ng5 {[%clk 0:03:48]} Rd8
{[%clk 0:01:43]} 16. Rhd1 {[%clk 0:03:41]} Ne5 {[%clk 0:01:06]} 17. f4
{[%clk 0:02:55]} Nc6 {[%clk 0:01:12]} 18. e5 {[%clk 0:02:53]} Nxd4
{[%clk 0:00:55]} 19. Rxd4 {[%clk 0:02:24]} dxe5 {[%clk 0:00:53]} 20. Rxd8+
{[%clk 0:02:00]} Qxd8 {[%clk 0:01:02]} 21. fxe5 {[%clk 0:01:10]} Nh5
{[%clk 0:01:06]} 22. Bxg7 {[%clk 0:01:13]} Kxg7 {[%clk 0:01:15]} 23. Qg4
{[%clk 0:00:16]} Qb6 {[%clk 0:00:55]} 24. Nd1 {[%clk 0:00:12]} Rd8
{[%clk 0:00:45]} 25. Qh4 {[%clk 0:00:18]} Qd4 {[%clk 0:00:44]} 26. Nxe6+
{[%clk 0:00:25]} fxe6 {[%clk 0:00:51]} 27. Qe7+ {[%clk 0:00:34]} Kh8
{[%clk 0:00:16]} 28. Bxh5 {[%clk 0:00:38]} Qd7 {[%clk 0:00:14]} 29. Qf6+
{[%clk 0:00:44]} Kg8 {[%clk 0:00:23]} 30. Bg4 {[%clk 0:00:53]} Re8
{[%clk 0:00:22]} 31. Ne3 {[%clk 0:00:52]} Qf7 {[%clk 0:00:29]} 32. Qg5
{[%clk 0:00:52]} bxa4 {[%clk 0:00:25]} 33. Be2 {[%clk 0:01:01]} Qe7
{[%clk 0:00:32]} 34. Qg3 {[%clk 0:00:56]} a3 {[%clk 0:00:41]} 35. Kb1
{[%clk 0:00:56]} Qb4 {[%clk 0:00:44]} 36. Nc4 {[%clk 0:00:50]} Bd5
{[%clk 0:00:50]} 37. Nxa3 {[%clk 0:00:54]} Rb8 {[%clk 0:00:57]} 0-1

[Event "Rapid 2018"]
[Site "Saint-Petersburg"]
[Date "2018.12.28"]
[Round "15"]
[Board "61"]
[White "Miton Kamil (POL)"]
[Black "Oganian Miran (RUS)"]
[Result "1/2-1/2"]
[LiveChessVersion "1.4.8"]
[BlackElo "2506"]
[WhiteElo "2590"]

1. d4 {[%clk 0:15:16]} Nf6 {[%clk 0:15:18]} 2. c4 {[%clk 0:15:23]} e6
{[%clk 0:15:10]} 3. g3 {[%clk 0:15:31]} d5 {[%clk 0:15:19]} 4. Bg2
{[%clk 0:15:40]} Be7 {[%clk 0:15:28]} 5. Nf3 {[%clk 0:15:48]} O-O
{[%clk 0:15:36]} 6. O-O {[%clk 0:15:55]} dxc4 {[%clk 0:15:45]} 7. Nc3
{[%clk 0:16:03]} Nc6 {[%clk 0:13:31]} 8. e3 {[%clk 0:16:10]} Rb8 {[%clk 0:13:07]}
9. Qa4 {[%clk 0:16:18]} a6 {[%clk 0:12:35]} 10. Qxc4 {[%clk 0:16:20]} b5
{[%clk 0:12:21]} 11. Qe2 {[%clk 0:16:19]} Bb7 {[%clk 0:12:10]} 12. Rd1
{[%clk 0:16:18]} Qc8 {[%clk 0:12:02]} 13. e4 {[%clk 0:16:03]} Rd8
{[%clk 0:10:45]} 14. Bf4 {[%clk 0:15:27]} Nh5 {[%clk 0:09:45]} 15. Be3
{[%clk 0:15:05]} Nf6 {[%clk 0:09:53]} 16. Bg5 {[%clk 0:13:35]} h6
{[%clk 0:08:25]} 17. Bxf6 {[%clk 0:13:41]} Bxf6 {[%clk 0:08:33]} 18. e5
{[%clk 0:13:48]} Be7 {[%clk 0:08:37]} 19. d5 {[%clk 0:13:51]} Nb4
{[%clk 0:08:11]} 20. dxe6 {[%clk 0:13:35]} Qxe6 {[%clk 0:08:04]} 21. Nd4
{[%clk 0:13:11]} Qg6 {[%clk 0:06:38]} 22. Bxb7 {[%clk 0:12:57]} Rxb7
{[%clk 0:06:45]} 23. Qf3 {[%clk 0:11:33]} Rbb8 {[%clk 0:05:54]} 24. Nf5
{[%clk 0:08:43]} Bf8 {[%clk 0:05:08]} 25. Qe4 {[%clk 0:06:55]} c6
{[%clk 0:04:05]} 26. Ne2 {[%clk 0:05:50]} Nd5 {[%clk 0:03:35]} 27. Rac1
{[%clk 0:05:50]} Rbc8 {[%clk 0:03:01]} 28. Rd3 {[%clk 0:05:17]} Re8
{[%clk 0:02:59]} 29. Ned4 {[%clk 0:04:41]} Nf6 {[%clk 0:02:23]} 30. Qf4
{[%clk 0:04:23]} Nd5 {[%clk 0:02:19]} 31. Qe4 {[%clk 0:04:26]} Nf6
{[%clk 0:02:28]} 32. Qf4 {[%clk 0:03:03]} Nd5 {[%clk 0:02:30]} 33. Qe4
{[%clk 0:02:28]} Nf6 {[%clk 0:02:10]} 1/2-1/2

[Event "Rapid 2018"]
[Site "Saint-Petersburg"]
[Date "2018.12.28"]
[Round "15"]
[Board "62"]
[White "Nozdrachev Vladislav (RUS)"]
[Black "Gareyev Timur (USA)"]
[Result "0-1"]
[LiveChessVersion "1.4.8"]
[BlackElo "2575"]
[WhiteElo "2507"]

1. e4 {[%clk 0:15:18]} e5 {[%clk 0:15:14]} 2. Nf3 {[%clk 0:15:27]} Nc6
{[%clk 0:15:23]} 3. Bc4 {[%clk 0:15:35]} Bc5 {[%clk 0:15:27]} 4. d3
{[%clk 0:15:43]} Nf6 {[%clk 0:15:30]} 5. c3 {[%clk 0:15:43]} d6 {[%clk 0:15:31]}
6. a4 {[%clk 0:15:51]} a6 {[%clk 0:15:34]} 7. O-O {[%clk 0:15:56]} Ba7
{[%clk 0:15:13]} 8. Re1 {[%clk 0:15:35]} O-O {[%clk 0:14:50]} 9. h3
{[%clk 0:15:43]} Ne7 {[%clk 0:14:43]} 10. Nbd2 {[%clk 0:15:29]} c6
{[%clk 0:14:41]} 11. Bb3 {[%clk 0:15:22]} Ng6 {[%clk 0:14:45]} 12. d4
{[%clk 0:15:26]} Re8 {[%clk 0:14:01]} 13. a5 {[%clk 0:15:04]} h6 {[%clk 0:13:29]}
14. Bc2 {[%clk 0:12:13]} Nh5 {[%clk 0:13:20]} 15. Nxe5 {[%clk 0:12:01]} dxe5
{[%clk 0:13:10]} 16. Qxh5 {[%clk 0:12:09]} exd4 {[%clk 0:13:19]} 17. Nf3
{[%clk 0:11:47]} c5 {[%clk 0:10:31]} 18. cxd4 {[%clk 0:11:29]} cxd4
{[%clk 0:10:40]} 19. Bd3 {[%clk 0:11:23]} Be6 {[%clk 0:08:16]} 20. e5
{[%clk 0:11:29]} Qe7 {[%clk 0:08:21]} 21. Nh2 {[%clk 0:10:05]} Rac8
{[%clk 0:08:05]} 22. Ng4 {[%clk 0:09:35]} Rxc1 {[%clk 0:07:16]} 23. Raxc1
{[%clk 0:07:13]} Nf4 {[%clk 0:07:22]} 24. Nf6+ {[%clk 0:07:21]} Qxf6 25. exf6
{[%clk 0:07:21]} Nxh5 {[%clk 0:06:16]} 26. Rc7 {[%clk 0:07:29]} Nf4
{[%clk 0:06:02]} 27. Bf1 {[%clk 0:05:28]} d3 {[%clk 0:05:53]} 28. Rxb7
{[%clk 0:05:36]} Bc5 {[%clk 0:05:34]} 29. b4 {[%clk 0:04:08]} Bd4
{[%clk 0:05:18]} 30. Re4 {[%clk 0:03:41]} Rd8 {[%clk 0:04:00]} 31. Rxf4
{[%clk 0:03:49]} Be5 {[%clk 0:03:00]} 32. Bxd3 {[%clk 0:01:08]} Rxd3
{[%clk 0:02:36]} 33. g3 {[%clk 0:01:16]} Rd1+ {[%clk 0:02:33]} 0-1

[Event "Rapid 2018"]
[Site "Saint-Petersburg"]
[Date "2018.12.28"]
[Round "15"]
[Board "63"]
[White "Zvjaginsev Vadim (RUS)"]
[Black "Gutenev Alexander (RUS)"]
[Result "1/2-1/2"]
[LiveChessVersion "1.4.8"]
[BlackElo "2490"]
[WhiteElo "2573"]

1. e4 {[%clk 0:15:19]} c5 {[%clk 0:15:19]} 2. Nc3 {[%clk 0:15:28]} Nc6
{[%clk 0:15:27]} 3. Bb5 {[%clk 0:15:36]} Nd4 {[%clk 0:15:34]} 4. Nf3
{[%clk 0:15:44]} e6 {[%clk 0:14:22]} 5. O-O {[%clk 0:15:51]} a6 {[%clk 0:14:31]}
6. Bd3 {[%clk 0:15:59]} Nc6 {[%clk 0:14:06]} 7. e5 {[%clk 0:15:14]} d6
{[%clk 0:13:50]} 8. exd6 {[%clk 0:15:20]} Nf6 {[%clk 0:13:27]} 9. Ne4
{[%clk 0:15:01]} Nxe4 {[%clk 0:13:21]} 10. Bxe4 {[%clk 0:15:09]} Qxd6
{[%clk 0:13:17]} 11. b3 {[%clk 0:11:55]} Be7 {[%clk 0:13:09]} 12. Ba3
{[%clk 0:11:54]} Qc7 {[%clk 0:09:08]} 13. d4 {[%clk 0:11:40]} Nxd4
{[%clk 0:06:04]} 14. Nxd4 {[%clk 0:11:40]} cxd4 {[%clk 0:06:12]} 15. Bxe7
{[%clk 0:11:46]} Qxe7 {[%clk 0:05:53]} 16. Qxd4 {[%clk 0:11:54]} O-O
{[%clk 0:05:12]} 17. Rad1 {[%clk 0:11:40]} e5 {[%clk 0:02:29]} 18. Qd6 Qxd6
{[%clk 0:02:33]} 19. Rxd6 {[%clk 0:10:51]} Rb8 {[%clk 0:02:42]} 20. c4
{[%clk 0:08:48]} b6 {[%clk 0:01:28]} 21. Rfd1 {[%clk 0:08:53]} Be6
{[%clk 0:01:24]} 22. f3 {[%clk 0:08:05]} Rfc8 {[%clk 0:01:00]} 23. Bb7
{[%clk 0:08:06]} Re8 {[%clk 0:00:40]} 24. Bxa6 {[%clk 0:08:02]} Kf8
{[%clk 0:00:48]} 25. Bb5 {[%clk 0:07:16]} Rec8 {[%clk 0:00:52]} 26. Kf2
{[%clk 0:05:32]} Ke7 {[%clk 0:00:27]} 27. a4 {[%clk 0:05:36]} Rc7
{[%clk 0:00:35]} 28. Ke3 {[%clk 0:05:41]} h5 {[%clk 0:00:34]} 29. h4
{[%clk 0:05:47]} f6 {[%clk 0:00:36]} 30. Bc6 {[%clk 0:05:14]} Rbc8
{[%clk 0:00:27]} 31. Be4 {[%clk 0:05:18]} f5 {[%clk 0:00:36]} 32. Bb1
{[%clk 0:05:19]} Rb8 {[%clk 0:00:41]} 33. R1d2 {[%clk 0:04:51]} g6
{[%clk 0:00:50]} 34. Bc2 {[%clk 0:04:59]} Rd7 {[%clk 0:00:41]} 35. Rxd7+
{[%clk 0:04:52]} Bxd7 {[%clk 0:00:49]} 36. Rd5 {[%clk 0:04:47]} Ke6
{[%clk 0:00:57]} 37. Rd2 {[%clk 0:04:37]} Bc6 {[%clk 0:01:00]} 38. Bd1
{[%clk 0:04:40]} g5 {[%clk 0:00:34]} 39. hxg5 {[%clk 0:04:41]} f4+
{[%clk 0:00:43]} 40. Kf2 {[%clk 0:04:49]} Rg8 {[%clk 0:00:51]} 41. b4
{[%clk 0:04:26]} Rxg5 {[%clk 0:00:51]} 42. Bb3 {[%clk 0:04:32]} Ke7
{[%clk 0:00:58]} 43. b5 {[%clk 0:04:35]} Be8 {[%clk 0:00:57]} 44. c5
{[%clk 0:04:38]} e4 {[%clk 0:00:54]} 45. Rd4 {[%clk 0:02:01]} e3+
{[%clk 0:00:56]} 46. Ke1 {[%clk 0:01:37]} Rxc5 {[%clk 0:00:54]} 47. Rxf4
{[%clk 0:01:43]} Rc3 {[%clk 0:00:52]} 48. Bc4 {[%clk 0:01:01]} Bg6
{[%clk 0:00:29]} 49. Ke2 {[%clk 0:01:05]} Ra3 {[%clk 0:00:24]} 50. Bd5
{[%clk 0:00:58]} Bd3+ {[%clk 0:00:18]} 51. Kxe3 {[%clk 0:00:54]} Bxb5+
{[%clk 0:00:27]} 52. Kf2 {[%clk 0:00:53]} Rxa4 {[%clk 0:00:30]} 53. Rf5
{[%clk 0:00:33]} h4 {[%clk 0:00:25]} 54. Be4 {[%clk 0:00:34]} Ra2+
{[%clk 0:00:33]} 55. Kg1 {[%clk 0:00:42]} Bd7 {[%clk 0:00:38]} 56. Rh5
{[%clk 0:00:47]} h3 {[%clk 0:00:46]} 57. gxh3 {[%clk 0:00:34]} b5
{[%clk 0:00:49]} 58. h4 {[%clk 0:00:41]} Kf6 {[%clk 0:00:44]} 59. Rd5
{[%clk 0:00:41]} Be8 {[%clk 0:00:35]} 60. Rd6+ {[%clk 0:00:46]} Ke5
{[%clk 0:00:30]} 61. Rd8 {[%clk 0:00:55]} Bf7 {[%clk 0:00:34]} 62. h5
{[%clk 0:01:03]} Ra6 {[%clk 0:00:31]} 63. Rb8 {[%clk 0:01:04]} Rh6
{[%clk 0:00:25]} 64. Rxb5+ {[%clk 0:01:12]} Kf6 {[%clk 0:00:34]} 65. Rb6+
{[%clk 0:00:20]} Kg7 {[%clk 0:00:43]} 66. Rb7 {[%clk 0:00:21]} Rxh5
{[%clk 0:00:49]} 67. Kf2 {[%clk 0:00:30]} Re5 {[%clk 0:00:45]} 68. Ke3
{[%clk 0:00:37]} Kf6 {[%clk 0:00:53]} 69. Kd4 {[%clk 0:00:38]} Re7
{[%clk 0:01:01]} 70. Rb6+ {[%clk 0:00:45]} Re6 {[%clk 0:01:10]} 71. Rb5
{[%clk 0:00:49]} Rd6+ {[%clk 0:01:12]} 72. Ke3 {[%clk 0:00:58]} Bg6
{[%clk 0:01:14]} 73. Bd5 {[%clk 0:01:05]} Bf7 {[%clk 0:01:12]} 74. Bb7
{[%clk 0:01:11]} Be8 {[%clk 0:01:16]} 75. Rb4 {[%clk 0:01:18]} Bc6
{[%clk 0:00:51]} 76. Bc8 {[%clk 0:01:12]} Bd7 {[%clk 0:00:46]} 1/2-1/2

[Event "Rapid 2018"]
[Site "Saint-Petersburg"]
[Date "2018.12.28"]
[Round "15"]
[Board "64"]
[White "Huzman Alexander (ISR)"]
[Black "Vishnu Prasanna. V (IND)"]
[Result "0-1"]
[LiveChessVersion "1.4.8"]
[BlackElo "2489"]
[WhiteElo "2572"]

1. d4 {[%clk 0:15:19]} Nf6 {[%clk 0:15:18]} 2. Nf3 {[%clk 0:15:27]} g6
{[%clk 0:15:25]} 3. c4 {[%clk 0:15:34]} Bg7 {[%clk 0:15:33]} 4. g3
{[%clk 0:15:43]} O-O {[%clk 0:15:40]} 5. Bg2 {[%clk 0:15:52]} d6 {[%clk 0:15:47]}
6. O-O {[%clk 0:15:53]} Nbd7 {[%clk 0:15:54]} 7. Nc3 {[%clk 0:15:38]} e5
{[%clk 0:16:01]} 8. b3 {[%clk 0:15:44]} Re8 {[%clk 0:15:52]} 9. e3
{[%clk 0:15:52]} c6 {[%clk 0:14:12]} 10. Ba3 {[%clk 0:15:25]} e4 {[%clk 0:14:02]}
11. Nd2 {[%clk 0:15:33]} d5 {[%clk 0:14:10]} 12. Qc1 {[%clk 0:12:54]} a6
{[%clk 0:13:10]} 13. cxd5 {[%clk 0:11:21]} cxd5 {[%clk 0:13:17]} 14. Na4
{[%clk 0:11:31]} b5 {[%clk 0:11:42]} 15. Nc5 {[%clk 0:11:34]} Nb8
{[%clk 0:11:03]} 16. b4 {[%clk 0:09:43]} h5 {[%clk 0:10:21]} 17. h3
{[%clk 0:08:12]} Ra7 {[%clk 0:10:01]} 18. Qd1 {[%clk 0:07:50]} h4
{[%clk 0:07:45]} 19. g4 {[%clk 0:07:55]} Bh6 {[%clk 0:07:51]} 20. Rc1
{[%clk 0:08:03]} Nh7 {[%clk 0:07:55]} 21. Ncxe4 {[%clk 0:07:57]} dxe4
{[%clk 0:07:45]} 22. Nxe4 {[%clk 0:08:06]} Bb7 {[%clk 0:07:05]} 23. Nc3
{[%clk 0:08:15]} Bxg2 {[%clk 0:06:34]} 24. Kxg2 {[%clk 0:08:24]} Ng5
{[%clk 0:06:35]} 25. Qd3 {[%clk 0:08:22]} Rc7 {[%clk 0:06:05]} 26. d5
{[%clk 0:07:44]} Rc4 {[%clk 0:05:21]} 27. Ne2 {[%clk 0:07:09]} Nc6
{[%clk 0:05:20]} 28. f4 {[%clk 0:06:57]} Rce4 {[%clk 0:04:40]} 29. Rc2
{[%clk 0:05:05]} Rxe3 {[%clk 0:04:38]} 30. Qd1 {[%clk 0:05:14]} Qe7
{[%clk 0:03:22]} 31. fxg5 {[%clk 0:04:54]} Qe4+ {[%clk 0:03:30]} 32. Kh2
{[%clk 0:05:02]} Bg7 {[%clk 0:03:38]} 33. Nf4 {[%clk 0:04:35]} Nd4
{[%clk 0:03:31]} 34. Rcf2 {[%clk 0:04:39]} Rxa3 {[%clk 0:03:36]} 0-1

[Event "Rapid 2018"]
[Site "Saint-Petersburg"]
[Date "2018.12.28"]
[Round "15"]
[Board "65"]
[White "Yilmaz Mustafa (TUR)"]
[Black "Sanal Vahap (TUR)"]
[Result "1/2-1/2"]
[LiveChessVersion "1.4.8"]
[BlackElo "2476"]
[WhiteElo "2546"]

1. Nf3 {[%clk 0:15:16]} Nf6 {[%clk 0:15:09]} 2. c4 {[%clk 0:15:24]} e6
{[%clk 0:14:53]} 3. Nc3 {[%clk 0:14:51]} d5 {[%clk 0:14:58]} 4. e3
{[%clk 0:14:59]} c5 {[%clk 0:14:18]} 5. cxd5 {[%clk 0:14:59]} exd5
{[%clk 0:14:12]} 6. d4 {[%clk 0:14:56]} Nc6 {[%clk 0:14:17]} 7. Be2
{[%clk 0:14:07]} Be7 {[%clk 0:14:01]} 8. O-O {[%clk 0:14:13]} O-O
{[%clk 0:14:04]} 9. dxc5 {[%clk 0:13:37]} Bxc5 {[%clk 0:14:10]} 10. b3
{[%clk 0:13:44]} Be6 {[%clk 0:13:22]} 11. Bb2 {[%clk 0:13:50]} a6
{[%clk 0:13:24]} 12. Rc1 {[%clk 0:13:58]} Bd6 {[%clk 0:12:17]} 13. Nd4
{[%clk 0:13:46]} Qb8 {[%clk 0:11:01]} 14. g3 {[%clk 0:13:22]} Nxd4
{[%clk 0:10:47]} 15. Qxd4 {[%clk 0:13:10]} Be5 {[%clk 0:10:55]} 16. Qd3
{[%clk 0:12:34]} Rd8 {[%clk 0:07:38]} 17. Rfd1 {[%clk 0:11:56]} Ne4
{[%clk 0:05:17]} 18. Na4 {[%clk 0:10:18]} Bxb2 {[%clk 0:04:12]} 19. Nxb2
{[%clk 0:10:25]} Qd6 {[%clk 0:04:17]} 20. Qd4 {[%clk 0:05:38]} Qa3
{[%clk 0:03:07]} 21. Bd3 {[%clk 0:05:46]} Nf6 {[%clk 0:02:45]} 22. Na4
{[%clk 0:05:07]} Rac8 {[%clk 0:02:34]} 23. Qb2 {[%clk 0:03:34]} Qxb2
{[%clk 0:02:30]} 24. Nxb2 {[%clk 0:03:42]} Bg4 {[%clk 0:02:12]} 25. Re1
{[%clk 0:03:10]} Kf8 {[%clk 0:02:19]} 26. Kg2 {[%clk 0:03:12]} d4
{[%clk 0:02:09]} 27. Rxc8 {[%clk 0:02:46]} Bxc8 {[%clk 0:02:14]} 28. e4
{[%clk 0:02:42]} b5 {[%clk 0:02:13]} 29. Rc1 {[%clk 0:02:46]} Be6
{[%clk 0:00:19]} 30. Rc6 {[%clk 0:02:32]} Bc8 {[%clk 0:00:27]} 31. Rc7
{[%clk 0:02:25]} Ne8 {[%clk 0:00:22]} 32. Rc5 {[%clk 0:02:07]} Bb7
{[%clk 0:00:21]} 33. f3 {[%clk 0:01:57]} f6 {[%clk 0:00:22]} 34. Kf2
{[%clk 0:01:37]} Ke7 {[%clk 0:00:29]} 35. a4 {[%clk 0:01:37]} bxa4
{[%clk 0:00:31]} 36. Nxa4 {[%clk 0:01:34]} Rc8 {[%clk 0:00:23]} 37. Ke2
{[%clk 0:01:20]} Kd6 {[%clk 0:00:29]} 38. b4 {[%clk 0:01:21]} Rc7
{[%clk 0:00:27]} 39. Bc4 {[%clk 0:01:24]} h6 {[%clk 0:00:28]} 40. Kd3
{[%clk 0:01:28]} Bc6 {[%clk 0:00:35]} 41. Nb2 {[%clk 0:01:18]} Ra7
{[%clk 0:00:16]} 42. Kxd4 {[%clk 0:00:49]} Nc7 {[%clk 0:00:25]} 43. f4
{[%clk 0:00:47]} Bb5 {[%clk 0:00:26]} 44. e5+ {[%clk 0:00:33]} fxe5+
{[%clk 0:00:35]} 45. Rxe5 {[%clk 0:00:42]} Ra8 {[%clk 0:00:35]} 46. h4
{[%clk 0:00:47]} Rd8 {[%clk 0:00:29]} 47. h5 {[%clk 0:00:44]} Kc6+
{[%clk 0:00:39]} 48. Kc3 {[%clk 0:00:21]} Bxc4 {[%clk 0:00:33]} 49. Rc5+
{[%clk 0:00:24]} Kb7 {[%clk 0:00:43]} 50. Nxc4 {[%clk 0:00:24]} Nb5+
{[%clk 0:00:52]} 51. Kc2 {[%clk 0:00:24]} Nd4+ {[%clk 0:01:01]} 52. Kb2
{[%clk 0:00:29]} Nc6 {[%clk 0:00:55]} 53. Na5+ {[%clk 0:00:21]} Nxa5
{[%clk 0:01:04]} 54. bxa5 {[%clk 0:00:28]} Rd3 {[%clk 0:01:04]} 55. g4
{[%clk 0:00:36]} Rd4 {[%clk 0:00:54]} 56. Rf5 {[%clk 0:00:42]} Kc6
{[%clk 0:01:03]} 57. Kc3 {[%clk 0:00:48]} Ra4 {[%clk 0:01:11]} 58. Kd3
{[%clk 0:00:53]} Kd6 {[%clk 0:01:20]} 59. Ke3 {[%clk 0:01:01]} Ra3+
{[%clk 0:01:22]} 60. Ke4 {[%clk 0:01:08]} Ra4+ {[%clk 0:01:27]} 61. Kf3
{[%clk 0:01:16]} Ra3+ {[%clk 0:01:35]} 62. Kf2 {[%clk 0:01:23]} Ke6
{[%clk 0:01:28]} 63. Rc5 {[%clk 0:01:31]} Kd6 {[%clk 0:01:31]} 64. Re5
{[%clk 0:01:38]} Kd7 {[%clk 0:01:31]} 65. f5 {[%clk 0:00:58]} Ra2+
{[%clk 0:01:32]} 66. Kg3 {[%clk 0:01:06]} Ra3+ {[%clk 0:01:41]} 67. Kh4
{[%clk 0:01:13]} Ra4 {[%clk 0:01:49]} 68. Re6 {[%clk 0:01:18]} Rxa5
{[%clk 0:01:47]} 69. Rg6 {[%clk 0:01:26]} Ra1 {[%clk 0:01:48]} 70. Rxg7+
{[%clk 0:01:32]} Kd6 {[%clk 0:01:57]} 71. Kg3 {[%clk 0:01:19]} Ra3+
{[%clk 0:02:06]} 72. Kf4 {[%clk 0:01:27]} Ra4+ {[%clk 0:02:15]} 73. Ke3
{[%clk 0:01:23]} Ra3+ {[%clk 0:02:24]} 74. Kd4 {[%clk 0:01:31]} Ra4+
{[%clk 0:02:33]} 75. Kc3 {[%clk 0:01:40]} Ke5 {[%clk 0:02:27]} 76. Kb3
{[%clk 0:01:16]} Rd4 {[%clk 0:02:31]} 77. Re7+ {[%clk 0:01:18]} Kf4
{[%clk 0:02:36]} 78. Kc3 {[%clk 0:01:04]} Ra4 {[%clk 0:02:36]} 79. Rg7
{[%clk 0:00:38]} Ke5 {[%clk 0:02:44]} 80. Rg6 {[%clk 0:00:46]} a5
{[%clk 0:02:19]} 81. Re6+ {[%clk 0:00:33]} Kd5 {[%clk 0:02:22]} 82. Rxh6
{[%clk 0:00:25]} Rxg4 {[%clk 0:02:30]} 83. Ra6 {[%clk 0:00:33]} Ke5
{[%clk 0:01:55]} 84. f6 {[%clk 0:00:24]} Rf4 {[%clk 0:01:58]} 85. h6
{[%clk 0:00:19]} Rxf6 {[%clk 0:02:06]} 86. h7 {[%clk 0:00:18]} Rf3+
{[%clk 0:02:09]} 87. Kc4 {[%clk 0:00:24]} Rh3 {[%clk 0:02:11]} 88. Rxa5+
{[%clk 0:00:29]} Kf6 {[%clk 0:02:20]} 89. Ra7 {[%clk 0:00:35]} Kg6
{[%clk 0:02:27]} 90. Kd4 {[%clk 0:00:43]} Rxh7 {[%clk 0:02:36]} 91. Rxh7
{[%clk 0:00:51]} Kxh7 1/2-1/2

[Event "Rapid 2018"]
[Site "Saint-Petersburg"]
[Date "2018.12.28"]
[Round "15"]
[Board "66"]
[White "Teterev Vitaly (BLR)"]
[Black "Sychev Klementy (RUS)"]
[Result "1/2-1/2"]
[LiveChessVersion "1.4.8"]
[BlackElo "2544"]
[WhiteElo "2472"]

1. Nf3 {[%clk 0:15:18]} Nf6 {[%clk 0:15:14]} 2. g3 {[%clk 0:15:26]} d5
{[%clk 0:15:19]} 3. Bg2 {[%clk 0:15:35]} g6 {[%clk 0:15:28]} 4. O-O
{[%clk 0:15:41]} Bg7 {[%clk 0:15:37]} 5. d4 {[%clk 0:15:48]} O-O {[%clk 0:15:43]}
6. c4 {[%clk 0:15:56]} Nc6 {[%clk 0:15:49]} 7. cxd5 {[%clk 0:14:57]} Nxd5
{[%clk 0:15:56]} 8. e4 {[%clk 0:14:33]} Nb6 {[%clk 0:16:05]} 9. d5
{[%clk 0:14:19]} Na5 {[%clk 0:16:13]} 10. Qe1 {[%clk 0:14:21]} Nac4
{[%clk 0:16:19]} 11. Nc3 {[%clk 0:14:26]} e6 {[%clk 0:16:28]} 12. b3
{[%clk 0:13:41]} Qf6 {[%clk 0:16:37]} 13. bxc4 {[%clk 0:13:32]} Qxc3
{[%clk 0:16:45]} 14. Qxc3 {[%clk 0:13:21]} Bxc3 {[%clk 0:16:53]} 15. Rb1
{[%clk 0:13:28]} Nxc4 {[%clk 0:17:01]} 16. Bh6 {[%clk 0:13:07]} Bg7
{[%clk 0:17:10]} 17. Bxg7 {[%clk 0:12:39]} Kxg7 {[%clk 0:17:16]} 18. Rfc1
{[%clk 0:12:37]} exd5 {[%clk 0:16:59]} 19. exd5 {[%clk 0:12:45]} Nb6
{[%clk 0:17:03]} 20. Nd4 {[%clk 0:11:02]} Rd8 {[%clk 0:17:02]} 21. Rc5
{[%clk 0:10:21]} a6 {[%clk 0:12:36]} 22. h3 {[%clk 0:06:54]} Rd6 {[%clk 0:09:13]}
23. Rbc1 {[%clk 0:05:52]} Rb8 {[%clk 0:06:51]} 24. Rxc7 {[%clk 0:05:19]} Bd7
{[%clk 0:06:59]} 25. R7c5 {[%clk 0:04:41]} Rd8 {[%clk 0:05:58]} 26. Ne2
{[%clk 0:03:57]} Rc8 {[%clk 0:03:34]} 27. Rxc8 {[%clk 0:03:11]} Bxc8
{[%clk 0:03:38]} 28. Nc3 {[%clk 0:02:18]} f5 {[%clk 0:03:46]} 29. a4
{[%clk 0:01:35]} Bd7 {[%clk 0:03:53]} 30. a5 {[%clk 0:01:21]} Nc8
{[%clk 0:03:04]} 31. Ne2 {[%clk 0:00:37]} b6 {[%clk 0:02:58]} 32. axb6
{[%clk 0:00:40]} Nxb6 {[%clk 0:03:04]} 33. Rc5 {[%clk 0:00:47]} Kf6
{[%clk 0:02:51]} 34. Nd4 {[%clk 0:00:34]} Na4 {[%clk 0:02:51]} 35. Ra5
{[%clk 0:00:37]} Nc3 {[%clk 0:02:56]} 36. Nc6 {[%clk 0:00:22]} Bc8
{[%clk 0:02:59]} 37. Rc5 {[%clk 0:00:18]} Na4 {[%clk 0:02:43]} 38. Ra5
{[%clk 0:00:26]} Nc3 {[%clk 0:02:48]} 39. Rc5 {[%clk 0:00:28]} Na4
{[%clk 0:02:49]} 40. Ra5 {[%clk 0:00:25]} Nc3 {[%clk 0:02:54]} 41. Rc5
{[%clk 0:00:15]} Na4 {[%clk 0:03:02]} 42. Rc4 {[%clk 0:00:14]} Nb6
{[%clk 0:03:06]} 43. Rc5 {[%clk 0:00:20]} Na4 {[%clk 0:03:02]} 44. Ra5
{[%clk 0:00:15]} Nc3 {[%clk 0:03:11]} 45. Rc5 {[%clk 0:00:14]} 1/2-1/2

[Event "Rapid 2018"]
[Site "Saint-Petersburg"]
[Date "2018.12.28"]
[Round "15"]
[Board "67"]
[White "Popov Ivan (RUS)"]
[Black "Kazhgaleyev Murtas (KAZ)"]
[Result "1-0"]
[LiveChessVersion "1.4.8"]
[BlackElo "2462"]
[WhiteElo "2542"]

1. e4 {[%clk 0:15:18]} e5 {[%clk 0:15:18]} 2. Nf3 {[%clk 0:15:26]} d6
{[%clk 0:15:26]} 3. d4 {[%clk 0:15:32]} exd4 {[%clk 0:15:35]} 4. Nxd4
{[%clk 0:15:39]} Nf6 {[%clk 0:15:42]} 5. Nc3 {[%clk 0:15:48]} Be7
{[%clk 0:15:50]} 6. Bf4 {[%clk 0:15:48]} O-O {[%clk 0:15:57]} 7. Qd2
{[%clk 0:15:54]} c6 {[%clk 0:16:04]} 8. O-O-O {[%clk 0:15:46]} b5
{[%clk 0:16:13]} 9. f3 {[%clk 0:14:03]} b4 {[%clk 0:16:10]} 10. Nce2
{[%clk 0:14:08]} c5 {[%clk 0:15:52]} 11. Nf5 {[%clk 0:13:49]} Bxf5
{[%clk 0:16:01]} 12. exf5 {[%clk 0:13:58]} Nc6 {[%clk 0:16:03]} 13. g4
{[%clk 0:13:29]} Qa5 {[%clk 0:16:10]} 14. Kb1 {[%clk 0:13:34]} c4
{[%clk 0:16:16]} 15. Nd4 {[%clk 0:12:42]} Nxd4 {[%clk 0:16:23]} 16. Qxd4
{[%clk 0:12:51]} d5 {[%clk 0:16:31]} 17. g5 {[%clk 0:10:18]} Bc5 {[%clk 0:16:16]}
18. Qd2 {[%clk 0:10:27]} Nh5 {[%clk 0:16:16]} 19. Be5 {[%clk 0:10:00]} Rad8
{[%clk 0:16:08]} 20. f6 {[%clk 0:08:34]} Rfe8 {[%clk 0:15:10]} 21. f4
{[%clk 0:08:40]} Qb6 {[%clk 0:14:31]} 22. Re1 {[%clk 0:06:59]} b3
{[%clk 0:11:55]} 23. axb3 {[%clk 0:06:28]} cxb3 {[%clk 0:11:49]} 24. Bd3
{[%clk 0:06:34]} g6 {[%clk 0:09:01]} 25. cxb3 {[%clk 0:05:17]} Bb4
{[%clk 0:08:49]} 26. Bc3 {[%clk 0:05:26]} Bxc3 {[%clk 0:08:56]} 27. Qxc3
{[%clk 0:05:33]} Nxf4 {[%clk 0:08:59]} 28. Rxe8+ {[%clk 0:03:47]} Rxe8
{[%clk 0:09:06]} 29. Re1 {[%clk 0:03:55]} Ne6 {[%clk 0:08:28]} 30. h4
{[%clk 0:03:27]} Rb8 {[%clk 0:08:12]} 31. Bc2 {[%clk 0:02:35]} Qf2
{[%clk 0:07:27]} 32. h5 {[%clk 0:01:18]} d4 {[%clk 0:04:36]} 33. Qa5
{[%clk 0:01:27]} d3 {[%clk 0:03:58]} 34. Bxd3 {[%clk 0:01:36]} Rxb3
{[%clk 0:03:59]} 35. Qd8+ {[%clk 0:00:55]} Nf8 {[%clk 0:04:08]} 36. Re2
{[%clk 0:01:01]} Qg3 {[%clk 0:03:26]} 37. Bc4 {[%clk 0:00:54]} Qg1+
{[%clk 0:01:08]} 38. Ka2 {[%clk 0:00:52]} Rb7 {[%clk 0:01:06]} 39. Re7
{[%clk 0:00:34]} 1-0